Statistics for Biggest countries by century

Click here to take the quiz!

General Stats

  • This quiz has been taken 141 times
  • The average score is 29 of 40

Answer Stats

HintAnswer% Correct
1800-1900Russian Empire
100%
1600-1700Tsardom of Russia
100%
1900United States
100%
2000China
99%
1900Qing China
99%
1800British Empire
98%
1900British Raj
98%
1900Empire of Japan
98%
2000India
98%
2000Japan
98%
2000Russia
98%
1500Domains of the French crown
97%
1900United Kingdom
97%
1500, 1700-1800Spanish empire
96%
2000Brazil
95%
1600Iberian Union
94%
1800-France
92%
1700French Empire
92%
2000Indonesia
92%
1600Kingdom of France
92%
1500-1800Ottoman Empire
90%
1900Germany
88%
2000Pakistan
85%
2000Bangladesh
82%
2000Nigeria
82%
1900Austria Hungary
75%
1800Habsburg Monarchy
74%
1600-1800Polish-Lithuanian Commonwealth
69%
1500Polish-Lithuanian Union
69%
1500-1800Holy Roman Empire
65%
1500Inca Empire
36%
1500-1600Ming Empire
36%
1700-1800Qing Empire
35%
1600-1700Mughal Empire
31%
1900Dutch East Indies
7%
1500-1700Joseon
7%
1800Maratha Empire
7%
1500Vijayanagara Empire
4%
1600-1800Tokugawa Shogunate
3%
1500Ashikaga shogunate
2%

Score Distribution

Percentile by Number Answered

Percent of People with Each Score

Your Score History

You have not taken this quiz